|
|
|
|
| LEADER |
00941nam a2200253 a 4500 |
| 001 |
c000067643 |
| 003 |
CARM |
| 005 |
00000000000000.0 |
| 008 |
s1964 fr a 00110 fre d |
| 019 |
1 |
|
|a 53541729
|z 27085379
|z 2878613
|5 LACONCORD2021
|
| 035 |
|
|
|a (OCoLC)336364
|5 LACONCORD2021
|
| 040 |
|
|
|a ANL
|c ANL
|
| 043 |
|
|
|a e-fr---
|
| 082 |
1 |
|
|a 842.91
|2 19
|
| 100 |
1 |
|
|a Suer, Paul,
|d 1905-
|
| 245 |
1 |
3 |
|a Le theatre francais contemporain /
|c Paul Surer.
|
| 260 |
|
|
|a Paris :
|b Societe d'Edition et d'Enseignement Superieur,
|c 1964.
|
| 300 |
|
|
|a 516 p. :
|b ill. ;
|c 18 cm.
|
| 500 |
|
|
|a Includes index.
|
| 504 |
|
|
|a Bibliography: p. 505.
|
| 650 |
|
0 |
|a French drama
|y 20th century
|x History and criticism.
|
| 852 |
8 |
|
|b CARM
|h A2:AE26G0
|i A00288
|p 0051595
|f BK
|
| 999 |
f |
f |
|i d886e2bc-b13c-58c7-9ed8-d8e3ce044d20
|s cf93c927-5119-5b72-abe6-45ef0ce1c116
|
| 952 |
f |
f |
|p Can circulate
|a CAVAL
|b CAVAL
|c CAVAL
|d CARM 1 Store
|e A00288
|f A2:AE26G0
|h Other scheme
|i book
|m 0051595
|